Quizzes
Events
Quiz Creation
Community
Videos
Private Events
Remove Ads
Sign In
Join for FREE
Feedback
Dark Mode
Quiz Categories
Sports
Geography
Music
Movies
Television
Just For Fun
Miscellaneous
History
Literature
Language
Science
Gaming
Entertainment
Religion
Holiday
For Kids
Quiz Lab
Recent
Popular Today
Quiz Kudos Today
Editor Picks
Curator Picks
Quizzes by...
Day
Popularity
Type
Ratings
Length
Year
Community
Subscriptions
Recent Discussions
Orange Saloon
Badges
Playlists
Quests
Create
Leaderboards
Showdown
Live 5
Trivia Bingo
Activity
Puzzle Library
Sporcle Events
Private Events
Virtual Trivia
Globe League
Become a Host
Pub Owners
SporcleCon
Opinionation
Our Games
Videos
Blog
Mobile Apps
Partnerships
Remove Ads and Go Orange
Feedback
Music
Pop Music
The Beatles
Song
Album
Lyrics
Bands
Singers
Artist
Clip
Rock
Rap
Classical
Billboard
Country Music
Kpop
Taylor Swift
Music
Pop Music
The Beatles
Song
Album
Lyrics
Bands
Singers
Artist
Clip
Rock
Rap
Classical
Billboard
Country Music
Kpop
Taylor Swift
Random Quiz
Search Sporcle
×
Quiz Lab
Quiz Lab
Music
Song
Type in answers that appear in a list
Type in answers that appear in a list
Classic
Best Score? Go Orange.
'Anything Could Happen' Lyrics Stats
Can you name the 'Anything Could Happen' Lyrics?
By
DenverDucks
10m
138 Questions
223 Plays
223 Plays
223 Plays
Comments
Comments
Give Quiz Kudos
Give Quiz Kudos
-
- Ratings
hide this ad
More Info
Replay
Link that replays current quiz
Next Quiz
Link to next quiz in quiz playlist
You Got
0%
They Got
Avg Score
82%
Avg Friend Score
Upgrade to see
Score Distribution
Jump to the score distribution portion of the page
Score
0/138
Timer
10:00
0
Plays Today
% Correct
the
99.6%
the
99.6%
the
99.6%
the
99.6%
the
99.6%
the
99.6%
the
99.6%
and
99.6%
and
99.6%
the
99.6%
anything
97.3%
anything
97.3%
anything
97.3%
anything
97.3%
happen (x6)
95.5%
happen (chorus)
95.5%
I
94.6%
could
94.6%
could
94.6%
I
94.6%
I
94.6%
could
94.6%
i
94.6%
I
94.6%
I
94.6%
i
94.6%
i
94.6%
we
94.2%
we
94.2%
we
94.2%
we
94.2%
we
94.2%
we
94.2%
we
94.2%
we
94.2%
you
93.3%
you
93.3%
you
93.3%
you (first line and chorus)
93.3%
you (x4)
93.3%
to
92.8%
to
92.8%
to
92.8%
know
91%
that
91%
that
91%
% Correct
know
91%
That
91%
know
91%
do
90.6%
don't
89.2%
don't
89.2%
don't
89.2%
be (x8)
88.3%
river
87%
your
86.5%
so
86.5%
into
85.2%
was
84.8%
was
84.8%
it
84.3%
found
83.9%
found
83.9%
over
83.4%
out
83.4%
out
83.4%
But
83.4%
but
83.4%
but
83.4%
secret
83%
knew
83%
what
83%
since
82.5%
since
82.5%
fall
82.1%
that's
82.1%
waist
81.6%
cover
81.6%
eyes
81.6%
I've
81.2%
see
81.2%
just
81.2%
I've
81.2%
need
80.7%
its
80.7%
need
80.7%
its
80.7%
need (x2)
80.7%
need
80.7%
its
80.7%
need
80.7%
Stripped
80.3%
% Correct
panic
78.9%
humans
78.9%
guess
78.5%
our
78%
our
78%
year
78%
thought
77.6%
together
77.1%
been
76.7%
on
76.7%
trying
76.2%
fight
76.2%
think
75.8%
think
75.8%
war
74.9%
truth
74.9%
gonna
74.9%
of
74%
said
74%
now
74%
now
74%
I'll
74%
we'd
73.5%
names
73.1%
give
73.1%
After
72.2%
held
71.3%
hide
69.5%
'86
69.5%
oh
68.2%
written
65.9%
seen
65.9%
through
65.5%
Baby,
65%
colour
64.6%
breathe
63.7%
are
58.7%
if
58.7%
wreck
58.3%
darkness
57.8%
Letting
55.6%
grow
54.3%
As
46.2%
palette
35.9%
Yet
22.4%
whoa
21.5%
Quiz Playlist
Details
Report
Send in Message
Add To Playlist
More Info:
Can You name the lyrics to Ellie Goulding's 'Anything Could Happen'
Classic:
Type in answers that appear in a list
Last Updated: Feb 16, 2017
Quiz Scoreboard
CHALLENGE
Sign Up to Join the Scoreboard
Show All
Scores
Hide
Comments
May contain spoilers
Recently Published
Presidents Visiting Landmarks
by Hejman
History
7m
An Introduction to Baseball
by treessimontrees
Sports
5m
Movies - When Are They Set?
by FPL_Elf
Movies
5m
More to Explore
Quiz From the Vault
Featured Blog Post
Where Did the Easter Bunny Come From?
hide this ad
You Might Also Like...
Tags
Song Quiz
Anything
ellie
happen
Today's Top Quizzes in Music
Browse Music
hide this ad
Today's Top Quizzes in Song
Browse Song
Top Contributed Quizzes in Music
1
Taylor Swift All Songs (2024)
2
Guess the Artist- 70s Songs
3
Taylor Swift Logic Puzzle
4
KPOP LOGIC QUIZ
5
One Thing in Common: Music
6
2010s Album by Cover III
7
7-to-1: Billboard Hot 100 #1 Hits of 2010s
8
Guess the Taylor Swift song (Mystery Song)
9
Sorting Albums and Songs
10
2000s Album Cover Bunker
Explore More
Trending Topics
NBA
Crossword
Harry Potter
Disney
Anime
Kpop
Marvel
Pokémon
NFL
WWE
The Office
Song
Soccer
Puzzle
Country
hide this ad
More By:
DenverDucks
Quiz
Plays
Rating
Category
Featured
Created
Top 20 Stolen Bases
4,379
2.82
Sports
Jan 17, 2013
MLB Top 300 by WAR By Any 3 Letters
265
5.00
Sports
Dec 2, 2023
'Anything Could Happen' Lyrics
223
4.00
Music
Jan 4, 2013
Unanimous Rookie of the Year:MLB
85
3.25
Sports
Nov 13, 2012
'Sleepyhead' Lyrics
68
4.50
Music
Jan 31, 2013
Go to Creator's Profile
Score Distribution
Quiz Creator Spotlight
DenverDucks
Follow
Send a Message
Quizzes Created
-
Created Quiz Play Count
-
More By This Creator
Popular Quizzes Today
1
Find the US States - No Outlines Minefield
2
Find the Countries of Europe - No Outlines Minefield
3
The Countries of the World
4
Find the US States
5
Popular People in 1961
6
US States
7
Risky Map Clicking: Biggest States A-Z
8
1-10 Letter E Words III
More Music Quizzes
Bands by Setlist III
Published
Trending Quizzes
Risky Map Clicking: Least Populous States A-Z
1-10 Letter G Words
1-10 Letter F Words
One Thing in Common: United Kingdom
Risky Map Clicking: Next State Alphabetically
Recently Updated
Leaping Animals
pecheneg
Reality TV Shows (A-Z)
bhenderson79
Rickey Henderson's Hall of Fame Teammates
pecheneg
Champions League XIs: Arsenal
pecheneg
Quick Pick: Celebrities in WWE's Hall of Fame
aduchscher
A-Z Keypad Blitz II
pecheneg
Multiple Oscar Actors
pecheneg
Mystery Phrase Blitz: Oscar 'Best Actors'
pecheneg
F. Scott Fitzgerald Novels
LTH
Pick 3 Villains
ddd62291
Trending Topics
Anime
Marvel
Kpop
Disney
Crossword
NBA
Harry Potter
Puzzle
WWE
Country
The Office
NFL
Soccer
Pokémon
Song
Your Account Isn't Verified!
In order to create a playlist on Sporcle, you need to verify the email address you used during registration. Go to your
Sporcle Settings
to finish the process.
Report this User
Report this user for behavior that violates our
Community Guidelines
.
Details:
Send Report
Go to the Sporcle.com Mobile Site →
Comments